Responses for Show #3888 - Wednesday, June 27, 2001

Kevin Keach game 1.

Contestants

[<< previous game]

Chris Howard, a heavy equipment sales representative from Mississauga, Ontario

Elizabeth Heichler, a newswire editor from Arlington, Massachusetts

Kevin Keach, an operations manager from St. Ann, Missouri

[next game >>]

Jeopardy! Round responses

WORLD LIT
SO YOU WANT TO BE IN MOVIES
SURVIVAL SKILLS
ANIMALS
YOU SAY POTATO
CROSSWORD CLUES "K"
    $100 1
Cuba

Chris
    $100 26
Audition

Elizabeth
    $100 11
Quicksand

Elizabeth
    $100 2
Calf

Chris
    $100 17
Idaho potato

Elizabeth
    $100 12
Kentucky

Elizabeth
    $200 6
Frank McCourt

Elizabeth
    $200 27
a headshot

Elizabeth
    $200 22
a jellyfish

Kevin
    $200 3
Bird

Chris
    $200 18
Dan Quayle

Elizabeth
    $200 13
knight

Kevin
    $300 7
Swahili

Elizabeth
    $300 28
an extra

Elizabeth
    $300 23
Heat stroke

Chris
    $300 4
Mongoose

Chris
    $300 19
Toy Story

Kevin
    $300 14
Kim

Chris
    $400 8
Marquis de Sade

Kevin
    $400 29
Soliloquy/monologue

Kevin
    $400 24
Tourniquet

Chris
    $400 5
(Chris: What are clams?)
(Kevin: What are scallops?)

mussels

KevinElizabethChris
    $400 20
Frito-Lay

Chris
    $400 15
Kazan

Kevin
    $500 9
Margaret Atwood

Chris
    $500 30
(AFTRA: American Federation of Television & Radio Artists)
(SAG: Screen Actors Guild)

AFTRA & SAG

Kevin
    $500 25
(Alex: Minute left.)

a constrictor

Chris
    $500 10
Gibbons

Triple Stumper
    $1,000 21
The Irish Potato Famine

Chris
    $500 16
(Alex: And guess what, Kevin? You're tied with Elizabeth and Chris. We'll have to talk about this!)

kiosk

Kevin

Scores at the first commercial break (after clue 16):

Kevin Elizabeth Chris
$1,100 $1,100 $1,100

Scores at the end of the Jeopardy! Round:

Kevin Elizabeth Chris
$2,500 $2,000 $3,700

Double Jeopardy! Round responses

RUSSIAN HISTORY
CALLED ON THE CARPET
ITALIAN MUSICAL TERMS
SPORTS NICKNAMES
WAY OUT WEST
"WO" IS ME
    $200 1
Chechnya

Chris
    $200 26
Loom

Chris
    $200 21
Octave

Chris
    $200 6
Karl Malone

Kevin
    $200 16
Grand Canyon

Kevin
    $200 10
Lake Wobegon

Kevin
    $400 2
Alexandra

Elizabeth
    $400 30
a Persian rug

Kevin
    $400 22
(Elizabeth: What is an aria?)
...
(Alex: Minute to go.)

cadenza

Elizabeth
Triple Stumper
    $400 7
Joe Montana

Triple Stumper
    $400 17
(Chris: What is Lake Tahoe?)

the Great Salt Lake

Chris
Triple Stumper
    $400 11
Wo Fat

Kevin
    $1,000 3
Japan

Elizabeth
    $600 29
Area rug

Elizabeth
    $600 24
Largo

Chris
    $600 8
(Kevin: Who is Hingis?)
(Elizabeth: Who is Chris Evert?)

Martina Navratilova

KevinElizabeth
Triple Stumper
    $600 18
Henry Comstock

Kevin
    $600 12
Herman Wouk

Triple Stumper
    $800 4
Genghis Khan

Kevin
    $800 28
the Oval Office

Chris
    $800 27
(Chris: What is justa?)

scherzo

Chris
Triple Stumper
    $800 9
Sonja Henie

Elizabeth
    $800 19
(Kevin: What is UCLA?)
(Chris: What is USC?)
(Elizabeth: What is Stanford?)

Caltech

KevinElizabethChris
Triple Stumper
    $800 13
Woden

Chris
    $1000 5
(Chris: What is Yalta?)

Crimea

KevinChris
    $1000 25
Aubusson

Elizabeth
    $1000 23
Brio

Kevin
    $1,000 15
Jack Nicklaus

Kevin
    $1000 20
(Elizabeth: What is... Pen...)

Pendleton

Elizabeth
Triple Stumper
    $1000 14
(Elizabeth: Who is Slava?)

(Karol) Wojtyla

KevinElizabeth

Scores at the end of the Double Jeopardy! Round:

Kevin Elizabeth Chris
$7,900 $2,000 $3,500
(lock game)

[wagering suggestions for these scores]

Final Jeopardy! Round responses

FAMOUS COUPLES
ElizabethWho were ?
$1,999
ChrisWho are George Burns and Gracie Allen?
$600
KevinWho are King & Queen Farouk?
$800
George Burns & Gracie Allen

Final scores:

Kevin Elizabeth Chris
$7,100 $1 $4,100
New champion: $7,100 3rd place: a Sony Card $1,000 shopping spree 2nd place: a trip to Marriott's Desert Springs Villas, Palm Desert, California

Game dynamics:

Coryat scores:

Kevin Elizabeth Chris
$7,900 $1,600 $3,000
19 R
(including 1 DD),
3 W
15 R
(including 1 DD),
5 W
17 R
(including 1 DD),
5 W

Combined Coryat: $12,500

[game clues] [game scores] [suggest correction]

Game tape date: 2001-03-06
The J! Archive is created by fans, for fans. Scraping, republication, monetization, and malicious use prohibited; this site may use cookies and collect identifying information. See terms. The Jeopardy! game show and all elements thereof, including but not limited to copyright and trademark thereto, are the property of Jeopardy Productions, Inc. and are protected under law. This website is not affiliated with, sponsored by, or operated by Jeopardy Productions, Inc. Join the discussion at JBoard.tv.